Manual de gestión e ingeniería de la calidad /
I tiakina i:
| Kaituhi matua: | |
|---|---|
| Ētahi atu kaituhi: | |
| Hōputu: | Pukapuka |
| Reo: | Pāniora |
| I whakaputaina: |
Zaragoza, España :
Mira,
2002, c2002
|
| Ngā marau: | |
| Ngā Tūtohu: |
Kāore He Tūtohu, Me noho koe te mea tuatahi ki te tūtohu i tēnei pūkete!
|
MARC
| LEADER | 00000nam^a2200000^a^4500 | ||
|---|---|---|---|
| 001 | 000146466 | ||
| 005 | 20250521000000.0 | ||
| 009 | 20260310095911.744 | ||
| 020 | |a 84-89859-43-4 | ||
| 037 | |a Acervo ITESO - Biblioteca | ||
| 041 | |a ESP | ||
| 082 | |a 658. 5 |b PFE | ||
| 100 | |a Pfeifer, Tilo |e (autor) | ||
| 245 | 1 | 0 | |a Manual de gestión e ingeniería de la calidad / |c T. Pfeifer, F. Torres ; pról. de Miguel Angel Sebastián Pérez. |
| 264 | 4 | |a Zaragoza, España : |b Mira, |c 2002, c2002 | |
| 300 | |a 586 p. | ||
| 336 | |a texto |b txt |2 rdacontenido | ||
| 337 | |a sin mediación |b n |2 rdamedio | ||
| 338 | |a volumen |b nc |2 rdasoporte | ||
| 649 | |a XX | ||
| 650 | |a Diseño del Producto | ||
| 650 | |a Control de Procesos | ||
| 650 | |a Calidad del Producto | ||
| 650 | |a Planeación de Recursos | ||
| 650 | |a Proceso de Producción | ||
| 650 | |a Toma de Decisiones - |x Análisis de Información | ||
| 650 | |a Solución de Problemas | ||
| 650 | |a Optimización | ||
| 650 | |a Control de Calidad | ||
| 650 | |a Planeación Estratégica | ||
| 650 | |a Ingeniería de Procesos | ||
| 650 | |a Ingeniería Industrial | ||
| 650 | |a Ingeniería Económica | ||
| 650 | |a Recursos Humanos | ||
| 650 | |a Proceso Administrativo - |x Dirección | ||
| 650 | |a Empresas - |x Administración | ||
| 700 | |a Torres, Fernando |e (autor) | ||
| 910 | |a Fondo General | ||
| 920 | |a Impresos - Libros | ||
| 930 | |a Colección General | ||
| 905 | |a 101 | ||
| 901 | |a 0500076021 |b IT1 |c ACC |u 20250521 | ||
| 901 | |a 0500077135 |b IT1 |c ACC |u 20250521 | ||
| 902 | |a https://opac.biblio.iteso.mx/vufind/Record/000146466 | ||